Les professeurs de Hogwarts Legacy (français) - Statistiques

Statistiques générales
  • Ce quiz a été pris 117 fois
  • Le résultat moyen est 8 sur 12
Statistiques - réponses
Par images Réponse % Correct
Matilda Weasley
97%
Phineas Black
96%
Eleazar Fig
94%
Esope Sharp
83%
Mudiwa Onai
69%
Dinah Hecat
61%
Abraham Ronen
60%
Cuthbert Binns
53%
Mirabelle Bulbille
53%
Bai Howin
48%
Chiyo Kogawa
47%
Satyavati Shah
32%
Aucun quiz correspondant
Distribution des résultats
% des personnes avec chaque résultat
Percentile par nombre de réponses
Votre historique - résultats
Vous n’avez pas pris ce quiz